Letters (1-81) (Record no. 89613)
[ view plain ]
| 000 -LEADER | |
|---|---|
| fixed length control field | 01400nam a2200349 a 4500 |
| 082 04 - DEWEY DECIMAL CLASSIFICATION NUMBER | |
| Classification number | 281.3 |
| 100 0# - MAIN ENTRY--AUTHOR NAME | |
| Personal name | Cyprian, |
| 245 10 - TITLE STATEMENT | |
| Title | Letters (1-81) |
| 260 ## - PUBLICATION, DISTRIBUTION, ETC. (IMPRINT) | |
| Place of publication | Washington, D.C. : |
| Name of publisher | Catholic University of America Press, Inc., |
| Year of publication | 1964. |
| 300 ## - PHYSICAL DESCRIPTION | |
| Number of Pages | xxvi, 352 p. |
| 490 1# - SERIES STATEMENT | |
| Series statement | Fathers of the Church : a new translation ; |
| 700 1# - ADDED ENTRY--PERSONAL NAME | |
| Personal name | Donna, Rose Bernard, |
| 856 40 - ELECTRONIC LOCATION AND ACCESS | |
| Uniform Resource Identifier | http://site.ebrary.com/lib/rucke/Doc?id=10393155 |
No items available.
